[Event "DESC F0013 email"]
[Site "DESC email"]
[Date "2001.10.23"]
[Round "1"]
[White "Hort, Wolfgang"]
[Black "Puechert, Wolfram"]
[Result "1-0"]
[WhiteElo "1962"]
[BlackElo "1875"]
[PlyCount "87"]
[EventDate "2001.??.??"]
[EventType "tourn (corr)"]
[EventRounds "14"]
[EventCountry "GER"]
[SourceTitle "Corr 2004"]
[Source "ChessBase"]
[SourceDate "2003.04.28"]
[SourceVersion "3"]
[SourceVersionDate "2003.04.28"]
[SourceQuality "1"]

1. c4 e5 2. Nc3 Nf6 3. Nf3 Nc6 4. g3 Bb4 5. Bg2 d6 6. 0-0 0-0 7. d3 Bf5 8. Na4 Ba5 9. a3 Bb6 10. b4 e4 11. Nh4 Be6 12. Bb2 Bd4 13. Bxd4 Nxd4 14. dxe4 Nc6 15. Rc1 Qd7 16. c5 d5 17. b5 Ne7 18. exd5 Bxd5 19. e4 Be6 20. Qxd7 Bxd7 21. Nc3 c6 22. e5 Nfd5 23. bxc6 Bxc6 24. Nxd5 Nxd5 25. Nf5 Rad8 26. Rfd1 Nc3 27. Rxd8 Ne2+ 28. Kf1 Bxg2+ 29. Kxg2 Rxd8 30. Rb1 g6 31. Ne7+ Kf8 32. Rxb7 Re8 33. c6 Rxe7 34. c7 Rxc7 35. Rxc7 Nd4 36. Rxa7 Nc6 37. Ra8+ Ke7 38. f4 h5 39. a4 Ke6 40. a5 Kd7 41. a6 Kc7 42. Rf8 Kb6 43. Rxf7 Kxa6 44. Rf6 1-0

[Event "DESC F0013 email"]
[Site "DESC email"]
[Date "2001.10.23"]
[Round "1"]
[White "Luckow, Rolf"]
[Black "Puechert, Wolfram"]
[Result "1-0"]
[WhiteElo "2028"]
[BlackElo "1875"]
[PlyCount "31"]
[EventDate "2001.??.??"]
[EventType "tourn (corr)"]
[EventRounds "14"]
[EventCountry "GER"]
[SourceTitle "Corr 2004"]
[Source "ChessBase"]
[SourceDate "2003.04.28"]
[SourceVersion "3"]
[SourceVersionDate "2003.04.28"]
[SourceQuality "1"]

1. e4 e5 2. Nf3 Nf6 3. d4 exd4 4. e5 Ne4 5. Qxd4 d5 6. exd6 Nxd6 7. Nc3 Nc6 8. Qf4 g6 9. Be3 Bg7 10. 0-0-0 Bxc3 11. bxc3 0-0 12. Bc4 Be6 13. Bb3 Qe7 14. Bc5 Rad8 15. Rhe1 Na5 16. Qh6 1-0

[Event "DESC F0013 email"]
[Site "DESC email"]
[Date "2001.10.23"]
[Round "1"]
[White "Puechert, Wolfram"]
[Black "Binder, Klaus"]
[Result "1/2-1/2"]
[WhiteElo "1875"]
[BlackElo "1537"]
[PlyCount "43"]
[EventDate "2001.??.??"]
[EventType "tourn (corr)"]
[EventRounds "14"]
[EventCountry "GER"]
[SourceTitle "Corr 2004"]
[Source "ChessBase"]
[SourceDate "2003.04.28"]
[SourceVersion "3"]
[SourceVersionDate "2003.04.28"]
[SourceQuality "1"]

1. e4 Nf6 2. e5 Nd5 3. c4 Nb6 4. c5 Nd5 5. Nc3 Nxc3 6. dxc3 d5 7. exd6 exd6 8. cxd6 Bxd6 9. Be3 0-0 10. Qc2 Re8 11. 0-0-0 Be6 12. Bd3 h6 13. Kb1 Nc6 14. Nf3 Qe7 15. Rde1 Rad8 16. h4 Bc5 17. Bh7+ Kh8 18. Bf5 Bxe3 19. Rxe3 Qc5 20. Bxe6 Rxe6 21. Rxe6 fxe6 22. Re1 1/2-1/2

[Event "DESC F0013 email"]
[Site "DESC email"]
[Date "2001.10.23"]
[Round "1"]
[White "Puechert, Wolfram"]
[Black "Koenig, Michael"]
[Result "1-0"]
[WhiteElo "1875"]
[BlackElo "1786"]
[PlyCount "77"]
[EventDate "2001.??.??"]
[EventType "tourn (corr)"]
[EventRounds "14"]
[EventCountry "GER"]
[SourceTitle "Corr 2004"]
[Source "ChessBase"]
[SourceDate "2003.04.28"]
[SourceVersion "3"]
[SourceVersionDate "2003.04.28"]
[SourceQuality "1"]

1. e4 e5 2. Nf3 Nc6 3. d4 exd4 4. c3 dxc3 5. Nxc3 Bb4 6. Bc4 Nf6 7. e5 Qe7 8. 0-0 Bxc3 9. bxc3 Ng4 10. Re1 0-0 11. Bd3 Qc5 12. Qc2 h6 13. a4 Re8 14. Ba3 Qd5 15. Be4 Qa5 16. h3 d5 17. Bb4 Nxb4 18. cxb4 Qxb4 19. Bxd5 c6 20. Ba2 Qa5 21. Qg6 Be6 22. Bxe6 Rxe6 23. Qxg4 Rd8 24. Red1 c5 25. Qc4 Rxd1+ 26. Rxd1 Qc7 27. Rd5 b6 28. Qd3 Re8 29. Rd7 Qc6 30. Rxa7 Re6 31. Qf5 Qe8 32. Qe4 Rd6 33. Ra6 Rd1+ 34. Kh2 Rd8 35. Rxb6 Ra8 36. Rc6 Rc8 37. Rxc8 Qxc8 38. Qc4 Qc7 39. Qc3 1-0

[Event "DESC F0013 email"]
[Site "DESC email"]
[Date "2001.10.23"]
[Round "1"]
[White "Stiller, Bjoern"]
[Black "Puechert, Wolfram"]
[Result "0-1"]
[WhiteElo "1659"]
[BlackElo "1875"]
[PlyCount "22"]
[EventDate "2001.??.??"]
[EventType "tourn (corr)"]
[EventRounds "14"]
[EventCountry "GER"]
[SourceTitle "Corr 2004"]
[Source "ChessBase"]
[SourceDate "2003.04.28"]
[SourceVersion "3"]
[SourceVersionDate "2003.04.28"]
[SourceQuality "1"]

1. e4 e5 2. Nf3 Nf6 3. Bc4 Nxe4 4. Nxe5 d5 5. Bb5+ c6 6. Ba4 Qg5 7. Nxf7 Qxg2 8. Rf1 Kxf7 9. d3 Bg4 10. f3 Ng3 11. hxg3 Bb4+ 0-1

[Event "DESC SE040 email"]
[Site "DESC email"]
[Date "2001.06.22"]
[Round "?"]
[White "Glowatzky, Tihomir"]
[Black "Puechert, Wolfram"]
[Result "1-0"]
[WhiteElo "1984"]
[BlackElo "1828"]
[PlyCount "87"]
[EventDate "2001.??.??"]
[EventType "tourn (corr)"]
[EventRounds "6"]
[EventCountry "GER"]
[SourceTitle "Corr 2004"]
[Source "ChessBase"]
[SourceDate "2003.04.28"]
[SourceVersion "3"]
[SourceVersionDate "2003.04.28"]
[SourceQuality "1"]

1. d4 f5 2. e4 fxe4 3. Nc3 Nf6 4. f3 exf3 5. Nxf3 g6 6. Bf4 Bg7 7. Qd2 0-0 8. Bh6 d5 9. Bxg7 Kxg7 10. Bd3 Nc6 11. 0-0 Nb4 12. Be2 Bf5 13. Rae1 Nxc2 14. Ng5 Kg8 15. Rxf5 Nxe1 16. Re5 Nxg2 17. Ne6 Qd7 18. Nxf8 Rxf8 19. Kxg2 c6 20. h3 Rf7 21. a3 Kg7 22. b4 a6 23. Qe3 Qd6 24. Na4 Ne4 25. Nc5 Nxc5 26. bxc5 Qf6 27. Kg3 Kh8 28. Re6 Qg7 29. Qe5 Kg8 30. Qxg7+ Kxg7 31. Bg4 h6 32. Be2 g5 33. Bh5 Rf4 34. Rxe7+ Kg8 35. Rxb7 Rxd4 36. Rb6 Rd3+ 37. Kg4 Rxa3 38. Kf5 Ra1 39. Rxc6 Kg7 40. Rc7+ Kf8 41. Rf7+ Kg8 42. c6 Rc1 43. c7 a5 44. Re7 1-0

[Event "DESC SE039 email"]
[Site "DESC email"]
[Date "2001.06.15"]
[Round "?"]
[White "Grott, Peter"]
[Black "Puechert, Wolfram"]
[Result "1/2-1/2"]
[WhiteElo "1948"]
[BlackElo "1828"]
[PlyCount "39"]
[EventDate "2001.??.??"]
[EventType "tourn (corr)"]
[EventRounds "6"]
[EventCountry "GER"]
[SourceTitle "Corr 2008"]
[Source "ChessBase"]
[SourceDate "2008.06.24"]
[SourceVersion "1"]
[SourceVersionDate "2008.06.24"]
[SourceQuality "1"]

1. d4 f5 2. e4 fxe4 3. Nc3 Nf6 4. f3 exf3 5. Nxf3 g6 6. Bf4 Bg7 7. Qd2 0-0 8. Bh6 d5 9. Bxg7 Kxg7 10. Bd3 Nc6 11. 0-0 Nb4 12. Rae1 Nxd3 13. Qxd3 c6 14. Qe3 Bf5 15. Qxe7+ Qxe7 16. Rxe7+ Rf7 17. Re2 Bg4 18. h3 Bxf3 19. Rxf3 Raf8 20. a4 1/2-1/2